000 00881cab a2200265 4500
001 ABS43598
008 090401t1990 xxu||||| |||| 00| 0 eng d
035 _a(Sirsi) u42491
041 _aeng
100 _aKhalid, A.G.
245 _aBuilding obsolescence can become a threat to life cycle costing and property investment appraisals
260 _c1990
350 _a0
490 _aSurveyor
_v(Malaysia) 25 (3) 3rd Quarter 1990 68-72 (5)
520 _aDiscusses building obsolescence from the life cycle costing property investment appraisal point of view.
650 _aBUILT ENVIRONMENT-BUILDING MAINTENANCE AND REFURBISHMENT
650 _aDEFINITIONS
650 _aPHYSICAL DETERIORATION
650 _aPREVENTATIVE MAINTENANCE
650 _aQUALITY ASSURANCE
650 _aValuation
_96273
690 _aBUILT ENVIRONMENT
942 _n0
948 _c04/03/1997
999 _c27212
_d27212